Statistiques concernant Quizlendrier de l'Avent #16 - Mots par éléments chimiques

Cliquez ici pour prendre le quiz!

Statistiques générales

  • Ce quiz a été pris 171 fois
  • Le résultat moyen est 9 sur 10

Statistiques - réponses

QuestionsRéponses% Correct
Hydrogène-Iode-Vanadium-ErbiumHiver
94%
Néon-Iode-GermaniumNeige
94%
Rhénium-Azote-NéonRenne
94%
Fer-TellureFête
93%
Lutécium-GermaniumLuge
92%
Bore-Uranium-Carbone-HéliumBûche
89%
Bore-Argon-BérylliumBarbe
87%
Carbone-Rhénium-Carbone-HéliumCrèche
84%
Carbone-Hydrogène-Américium-Phosphore-Argent-NéonChampagne
76%
Rhénium-Protactinium-SoufreRepas
65%

Distribution des résultats

Percentile par nombre de réponses

% des personnes avec chaque résultat

Votre développement - résultats

Vous n’avez pas pris ce quiz